<?xml version="1.0" encoding="UTF-8"?>
<marc:record xmlns:marc="http://www.loc.gov/MARC21/slim">
   <marc:leader>00000nam a2200000 a 4500</marc:leader>
   <marc:datafield ind1="1" ind2=" " tag="100">
      <marc:subfield code="a">Geiger, Arno</marc:subfield>
      <marc:subfield code="4">aut</marc:subfield>
      <marc:subfield code="e">Verfasser/-in</marc:subfield>
   </marc:datafield>
   <marc:datafield ind1="0" ind2="0" tag="245">
      <marc:subfield code="a">Der alte König in seinem Exil</marc:subfield>
   </marc:datafield>
   <marc:datafield ind1="0" ind2="0" tag="245">
      <marc:subfield code="c">Arno Geiger</marc:subfield>
   </marc:datafield>
   <marc:datafield ind1=" " ind2="1" tag="264">
      <marc:subfield code="a">München</marc:subfield>
      <marc:subfield code="b">Hanser</marc:subfield>
      <marc:subfield code="c">2011</marc:subfield>
   </marc:datafield>
   <marc:datafield ind1="1" ind2=" " tag="520">
      <marc:subfield code="a">Dem Träger des deutschen Buchpreises, der auch schon in Südtirol gelesen hat, ist mit diesem autobiographischen Werk ein absolutes Highlight in diesem Jahr gelungen. Durch die Offenlegung persönlichster Details aus der eigenen Familiengeschichte nähert er sich dem Thema Altwerden an. Dabei beschreibt er die langsam fortschreitende Alzheimererkrankung seines Vaters in einer literarisch beispiellosen Art, welche der für uns so schrecklich scheinenden Krankheit auch positive Seiten abgewinnt. Gleichzeitig zeigt Arno Geiger auf, dass das Altwerden auch Chancen eines neuen, besseren Kennenlernens der Generationen bietet.   *LHW.Lesen.Hören.Wissen* Michael Patreider</marc:subfield>
   </marc:datafield>
   <marc:datafield ind1=" " ind2=" " tag="020">
      <marc:subfield code="a">9783446236349</marc:subfield>
      <marc:subfield code="9">9783446236349</marc:subfield>
   </marc:datafield>
   <marc:datafield ind1=" " ind2=" " tag="041">
      <marc:subfield code="a">ger</marc:subfield>
   </marc:datafield>
   <marc:datafield ind1=" " ind2=" " tag="300">
      <marc:subfield code="a">188 S.</marc:subfield>
   </marc:datafield>
</marc:record>
